000 01054cam a2200229 i 4500
005 20260127111424.0
008 250721s2001 ua gr 000 0 ara d
020 _a9773033006
082 1 4 _a361.02
_bل ا م
100 1 _aلامبي، روزماري
_eمؤلف.
245 1 2 _aالإرشاد الاسري للأطفال ذوي الحاجات الخاصة /
_cتأليف دكتورة روز ماري لامبي، دكتورة ديبي دانيلز مورنج ؛ ترجمة دكتور علاء الدين كفافي.
264 3 1 _aالقاهرة :
_bدار قباء للطباعة والنشر والتوزيع،
_c2001.
300 _aالجزء الأول.
650 1 7 _aالإرشاد الإجتماعي.
650 1 7 _aالسرة.
650 1 7 _aالأطفال المحلفون رعاية الطفولة.
650 1 7 _aالخدمات الإجتماعية.
700 1 _aمورنج، ديبي داتنلز
_eمؤلف.
700 1 _aكفافي، علاء الدين
_eمترجم.
942 _2ddc
_cBK
999 _c48281
_d48281